000 00727nam a2200241Ia 4500
003 OSt
005 20220918163650.0
006 a|||||r|||| 00| 0
007 ta
008 220917b |||||||| |||| 00| 0 eng d
020 _a0195654536 (hbk)
024 _a176,112
037 _cTextual
040 _aARTS
_cARTS
_beng
041 _2eng
_aeng
082 _aQv2,N, P1 (SC)
245 0 _aCharisma and canon
_b essays on the religious history of the Indian subcontinent edited by Vasudha Dalmia, Angelika Malilnar and Martin Christof
260 _aOxford
_bOxford University
_c2001
300 _aix,460p.
_ccm.
650 _aRELIGION
942 _hQv2,N, P1 (SC)
_cTEXL
_2CC
999 _c120654
_d120654